La estación zoologica de Nápoles, y sus procedimientos para el exámen microscópico (Record no. 41779)

MARC details
000 -LEADER
campo de control de longitud fija 00815nam a2200193 i 4500
001 - NÚMERO DE CONTROL
campo de control 41779
003 - IDENTIFICADOR DE NÚMERO DE CONTROL
campo de control ES-MaACL
005 - FECHA Y HORA DE LA ÚLTIMA TRANSACCIÓN
campo de control 20250902063053.0
007 - CAMPO FIJO DE DESCRIPCIÓN FÍSICA--INFORMACIÓN GENERAL
campo de control de longitud fija t|
008 - DATOS DE LONGITUD FIJA--INFORMACIÓN GENERAL
campo de control de longitud fija 030311s1885 sp ||||1| spa d
100 1# - ENTRADA PRINCIPAL--NOMBRE DE PERSONA
Nombre de persona Castellarnau, Joaquín María de,
Fechas asociadas al nombre 1848-1943
9 (RLIN) 143533
245 13 - MENCIÓN DEL TÍTULO
Título La estación zoologica de Nápoles, y sus procedimientos para el exámen microscópico
Resto del título : memoria presentada al Ilmo. Sr. Director General de Agricultura, Industria y Comercio /
Mención de responsabilidad, etc. por Joaquín María de Castellarnau y de Lleopart.
260 ## - PUBLICACIÓN, DISTRIBUCIÓN, ETC.
Lugar de publicación, distribución, etc. Madrid :
Nombre del editor, distribuidor, etc. [s.n.],
Fecha de publicación, distribución, etc. 1885 (
Fabricante Imp. del Colegio Nacional de Sordo-Mudos y de Ciegos)
300 ## - DESCRIPCIÓN FÍSICA
Extensión XIII, 207 p. ;
Dimensiones 25 cm.
610 24 - PUNTO DE ACCESO ADICIONAL DE MATERIA--NOMBRE DE ENTIDAD CORPORATIVA
Nombre de entidad corporativa o nombre de jurisdicción como elemento de entrada Stazione zoologica di Napoli.
9 (RLIN) 165493
650 04 - PUNTO DE ACCESO ADICIONAL DE MATERIA--TÉRMINO DE MATERIA
Término de materia o nombre geográfico como elemento de entrada Microscopía.
9 (RLIN) 15032
852 ## - LOCALIZACIÓN
Ubicación ES-MaACL
Número de control de estantería T-379-F-3
Holdings
Estatus retirado Estado de pérdida Estado de daño No para préstamo Colección Biblioteca de origen Biblioteca actual Ubicación en estantería Fecha de adquisición Fuente de adquisición Total de préstamos Signatura topográfica completa Código de barras Visto por última vez Precio de reemplazo Tipo de ítem Koha
        Colección de folletos Biblioteca del Ateneo de Madrid Biblioteca del Ateneo de Madrid Depósito folletos 17/01/2008     T-379-F-3 1043982 23/02/2023 23/02/2023 Folleto